000 00425nam a2200133Ia 4500
008 100328s9999 xx 000 0 und d
082 _b41582
100 _aकुलकर्णी कल्पना
245 _aतस्मात क्षमस्व
260 _bशब्दांगण
630 _aतस्मात क्षमस्व
730 _aतस्मात क्षमस्व
942 _cBOOK
999 _c530157
_d530154